000 00749cam a22002773a 4500
001 701
003 PGUSA
005 20140828082951.0
008 961001s1996||||xxu|||||s|||||000 1 eng d
040 _aPGUSA
_beng
042 _adc
050 4 _aPR
050 4 _aPZ
100 1 _aRuskin, John,
_d1819-1900
245 1 4 _aThe King of the Golden River
_h[electronic resource] /
_cJohn Ruskin
260 _bProject Gutenberg,
_c1996
506 _aPublic domain in the USA.
516 _aElectronic text
653 _aShort stories
653 _aConduct of life -- Juvenile fiction
653 _aDidactic fiction
653 _aFairy tales
830 0 _aProject Gutenberg
_v701
856 4 0 _uhttp://www.gutenberg.org/ebooks/701
942 _cEB
999 _c230052
_d230052